000 00740nam a2200229 a 4500
999 _c1311
_d1311
001 1311
003 BD-JhCC
005 20230205134024.0
008 171017s1916 bg |||| ||a| 000 0 ben d
020 _a9789848815519
035 _a(BD-JhCC)1311
040 _aBD-JhCC
_dBD-JhCC
041 _aben
082 _a891.443
_bCAT 1916
100 _aচট্টোপাধ্যায়, শরৎচন্দ্র
245 _aপল্লী সমাজ /
_cশরৎচন্দ্র চট্টোপাধ্যায়
260 _aঢাকা :
_bদি উনিভা্র্সি প্রেস,
_c১৯১৯.
300 _a91 p. :
_c21 cm.
650 _aBengali Novel
_vNovel
942 _2ddc
_cBK
_01